TVA fertilizer

Spremljeno u:
Bibliografski detalji
Format: Knjiga
Jezik:Undetermined
Izdano: New York TVA fertilizer Publications 1969
Teme:
Oznake: Dodaj oznaku
Bez oznaka, Budi prvi tko označuje ovaj zapis!
Thư viện lưu trữ: Trung tâm Học liệu Trường Đại học Cần Thơ
LEADER 00410nam a2200157Ia 4500
001 CTU_78155
008 210402s9999 xx 000 0 und d
082 |a 016.6318 
082 |b T968 
245 0 |a TVA fertilizer 
260 |a New York 
260 |b TVA fertilizer Publications 
260 |c 1969 
650 |a Bibliographies 
650 |x Fertilizers 
980 |a Trung tâm Học liệu Trường Đại học Cần Thơ